Two plays from the Perse school /

Bibliographic Details
Corporate Author: Perse School (Cambridge, England)
Other Authors: Rouse, W. H. D. (William Henry Denham), 1863-1950, Happold, F. Crossfield (Frederick Crossfield), 1893-
Format: Microform Book
Language:English
Published: Cambridge : W. Heffer & Sons, 1921.
Series:Opie collection of children's literature ; 044:248.
Subjects:

MARC

Tag First Indicator Second Indicator Subfields
LEADER 00000cam a2200000Ia 4500
001 in00002598021
005 20151201154654.0
007 he amb---bacp
007 hz bhb---babp
008 100331s1921 enk jb 000 j eng d
035 |a (OCoLC)ocn589038062 
035 |a (OCoLC)589038062 
037 |a CL0021000044  |b ProQuest, 789 E. Eisenhower Parkway, Ann Arbor, MI 48108-3218 
040 |a UMI  |c UMI  |d UtOrBLW 
049 |a UMIA 
090 |a PZ5  |b .O67 1990 no.044:248. 
245 0 0 |a Two plays from the Perse school /  |c with a preface by W.H.D. Rouse ; and an introduction on "Dramatic teaching in schools" by F.C. Happold. 
264 1 |a Cambridge :  |b W. Heffer & Sons,  |c 1921. 
300 |a 64 pages 
336 |a text  |b txt  |2 rdacontent 
337 |a microform  |b h  |2 rdamedia 
338 |a microfiche  |b he  |2 rdacarrier 
505 0 |a The death of Roland -- The duke and the charcoal burner. 
500 |a Reproduction of original in the Bodleian Library. 
510 4 |a Opie,  |c R 150 
533 |a Microfiche.  |b Ann Arbor, Mich. :  |c ProQuest,  |d 2001.  |e 1 microfiche ; 11 x 15 cm.  |f (Opie collection of children's literature ; 044:248).  |7 s2001 miun b 
500 |a Microform. 
650 0 |a Children's plays, English. 
710 2 |a Perse School (Cambridge, England) 
700 1 |a Rouse, W. H. D.  |q (William Henry Denham),  |d 1863-1950. 
700 1 |a Happold, F. Crossfield  |q (Frederick Crossfield),  |d 1893- 
740 0 2 |a Death of Roland. 
740 0 2 |a Duke and the charcoal burner. 
830 0 |a Opie collection of children's literature ;  |v 044:248. 
994 |a 02  |b UMI 
999 |a MARS 
999 f f |s 47fe5021-a437-37a4-94eb-6f4c6d1bb568  |i 527d4693-1c6f-373c-a936-200f73f80129  |t 0 
952 f f |a Texas A&M University  |b College Station  |c Sterling C. Evans Library  |d Evans: Microforms Fiche (3rd floor)  |t 0  |e PZ5 .O67 1990 no.044:248.  |h Library of Congress classification 
998 f f |a PZ5 .O67 1990 no.044:248.  |t 0  |l Evans: Microforms Fiche (3rd floor)